[Event "Gelendzhik op 13th"]
[Site "Gelendzhik"]
[Date "2017.01.09"]
[Round "6"]
[White "Rolgeizer, Genrikh"]
[Black "Skorchenko, Dmitry"]
[Result "1/2-1/2"]
[WhiteElo "1953"]
[BlackElo "2491"]
[PlyCount "64"]
[EventDate "2017.01.04"]
[EventType "swiss"]
[EventRounds "9"]
[EventCountry "RUS"]
[SourceTitle "CBM 176 Extra"]
[Source "ChessBase"]
[SourceDate "2017.03.02"]
[SourceVersion "1"]
[SourceVersionDate "2017.03.02"]
[SourceQuality "1"]

1. e4 e6 2. d4 d5 3. Nc3 Nf6 4. e5 Nfd7 5. f4 c5 6. Nf3 a6 7. Be3 Qb6 8. a3 Qa7 9. Qd2 Nc6 10. Ne2 b5 11. g3 Bb7 12. Bh3 cxd4 13. Nexd4 Bc5 14. Bf2 Bb6 15. Nxc6 Bxc6 16. Bxb6 Qxb6 17. Qd4 Rc8 18. Qxb6 Nxb6 19. Nd4 Na4 20. b3 Nc5 21. Bf1 Ke7 22. Bd3 f6 23. exf6+ gxf6 24. Kd2 Kd6 25. Rhe1 Bd7 26. b4 Na4 27. Nb3 e5 28. Re3 d4 29. Rf3 Rhe8 30. Re1 Re6 31. fxe5+ fxe5 32. Rf7 Rce8 1/2-1/2

[Event "Gelendzhik op 12th"]
[Site "Gelendzhik"]
[Date "2016.06.01"]
[Round "5"]
[White "Skorchenko, Dmitry"]
[Black "Bedia, Melor"]
[Result "1/2-1/2"]
[WhiteElo "2493"]
[BlackElo "2430"]
[PlyCount "57"]
[EventDate "2016.05.28"]
[EventType "swiss"]
[EventRounds "9"]
[EventCountry "RUS"]
[SourceTitle "CBM 172 Extra"]
[Source "ChessBase"]
[SourceDate "2016.06.21"]
[SourceVersion "1"]
[SourceVersionDate "2016.06.21"]
[SourceQuality "1"]

1. e4 e5 2. Nf3 Nc6 3. Nc3 Nf6 4. d4 exd4 5. Nxd4 Bb4 6. Nxc6 bxc6 7. Bd3 d5 8. exd5 cxd5 9. 0-0 0-0 10. h3 c6 11. Qf3 h6 12. Bf4 Bd6 13. Ne2 Re8 14. Ng3 Be6 15. Rad1 Bxf4 16. Qxf4 Qb8 17. Qxb8 Raxb8 18. b3 Kf8 19. Rfe1 Bd7 20. Kf1 Rxe1+ 21. Rxe1 Re8 22. Rxe8+ Kxe8 23. b4 Ke7 24. Ke2 Kd6 25. Ke3 Ke6 26. Kf3 Kd6 27. Ke3 Ke6 28. Kf3 Kd6 29. Ke3 1/2-1/2

[Event "Cherkessk Habez"]
[Site "Cherkessk"]
[Date "2014.07.16"]
[Round "7"]
[White "Kiselev, Vitaliy1"]
[Black "Skorchenko, Dmitry"]
[Result "1/2-1/2"]
[WhiteElo "2514"]
[BlackElo "2493"]
[PlyCount "21"]
[EventDate "2014.07.11"]
[EventType "tourn"]
[EventRounds "9"]
[EventCountry "RUS"]
[EventCategory "7"]
[SourceTitle "CBM 161 Extra"]
[Source "ChessBase"]
[SourceDate "2014.08.29"]
[SourceVersion "1"]
[SourceVersionDate "2014.08.29"]
[SourceQuality "1"]

1. e4 e6 2. d4 d5 3. exd5 exd5 4. Nf3 Nf6 5. Bd3 Bd6 6. 0-0 0-0 7. Bg5 Bg4 8. Nbd2 Nbd7 9. Re1 c6 10. h3 Bh5 11. c4 1/2-1/2

[Event "Dombai"]
[Site "Dombai"]
[Date "2014.01.11"]
[Round "5"]
[White "Bagrationi, Alexander"]
[Black "Skorchenko, Dmitry"]
[Result "1-0"]
[WhiteElo "2485"]
[BlackElo "2487"]
[PlyCount "43"]
[EventDate "2014.01.09"]
[EventType "tourn"]
[EventRounds "9"]
[EventCountry "RUS"]
[EventCategory "7"]
[SourceTitle "CBM 158 Extra"]
[Source "ChessBase"]
[SourceDate "2014.02.28"]
[SourceVersion "1"]
[SourceVersionDate "2014.02.28"]
[SourceQuality "1"]

1. e4 d6 2. d4 Nf6 3. Nc3 g6 4. Bc4 Bg7 5. Qe2 Nc6 6. e5 Nxd4 7. exf6 Nxe2 8. fxg7 Rg8 9. Ngxe2 Rxg7 10. Bh6 Rg8 11. 0-0-0 e6 12. h4 Qf6 13. Ne4 Qe5 14. N2c3 d5 15. Bxd5 exd5 16. Nxd5 f5 17. Nef6+ Kf7 18. Rhe1 Qxe1 19. Rxe1 Be6 20. Nxc7 Rac8 21. Nxg8 Rxc7 22. Bf4 1-0

[Event "Dombai"]
[Site "Dombai"]
[Date "2014.01.10"]
[Round "3"]
[White "Rozhkov, Dmitry"]
[Black "Skorchenko, Dmitry"]
[Result "1/2-1/2"]
[WhiteElo "2062"]
[BlackElo "2487"]
[PlyCount "74"]
[EventDate "2014.01.09"]
[EventType "tourn"]
[EventRounds "9"]
[EventCountry "RUS"]
[EventCategory "7"]
[SourceTitle "CBM 158 Extra"]
[Source "ChessBase"]
[SourceDate "2014.02.28"]
[SourceVersion "1"]
[SourceVersionDate "2014.02.28"]
[SourceQuality "1"]

1. c4 e6 2. d4 d5 3. Nc3 c5 4. cxd5 exd5 5. Nf3 Nc6 6. g3 Nf6 7. Bg2 Be7 8. 0-0 0-0 9. Bg5 Be6 10. e3 b6 11. Ne5 Rc8 12. Qa4 Qe8 13. Bxf6 Bxf6 14. Nxc6 Qxc6 15. Qxc6 Rxc6 16. Bxd5 Rcc8 17. Bxe6 fxe6 18. dxc5 Bxc3 19. bxc3 Rxc5 20. Rac1 Rfc8 21. Rfd1 b5 22. Rd7 a6 23. Rd6 R8c6 24. Rxc6 Rxc6 25. Kf1 Rc4 26. Ke2 Ra4 27. Rc2 e5 28. f3 Kf7 29. e4 g5 30. Ke3 Ke6 31. f4 gxf4+ 32. gxf4 exf4+ 33. Kxf4 Rc4 34. a3 Ra4 35. Ra2 Rc4 36. Rc2 Ra4 37. Ra2 Rc4 1/2-1/2

[Event "Dombai"]
[Site "Dombai"]
[Date "2010.12.29"]
[Round "9"]
[White "Skorchenko, Dmitry"]
[Black "Netrebko, Alexander"]
[Result "1-0"]
[WhiteElo "2502"]
[BlackElo "2157"]
[PlyCount "45"]
[EventDate "2010.12.21"]
[EventType "swiss"]
[EventRounds "9"]
[EventCountry "RUS"]
[EventCategory "6"]
[SourceTitle "CBM 140 Extra"]
[Source "ChessBase"]
[SourceDate "2011.03.01"]
[SourceVersion "1"]
[SourceVersionDate "2011.03.01"]
[SourceQuality "1"]

1. e4 c5 2. Nf3 Nc6 3. Bb5 Nf6 4. Nc3 Nd4 5. e5 Nxb5 6. Nxb5 Nd5 7. Ng5 h6 8. Nxf7 Kxf7 9. Qf3+ Ke6 10. c4 Nb6 11. d4 d5 12. dxc5 Nxc4 13. Nd4+ Kd7 14. Qxd5+ Ke8 15. Qxc4 g6 16. Be3 Bg7 17. 0-0-0 Qa5 18. Ne6 Bxe6 19. Qxe6 Kf8 20. Rd7 Re8 21. Rxb7 g5 22. f4 g4 23. f5 1-0

[Event "Dombai"]
[Site "Dombai"]
[Date "2010.12.23"]
[Round "3"]
[White "Skorchenko, Dmitry"]
[Black "Gutsko, Nikolai"]
[Result "1-0"]
[WhiteElo "2502"]
[BlackElo "2287"]
[PlyCount "61"]
[EventDate "2010.12.21"]
[EventType "swiss"]
[EventRounds "9"]
[EventCountry "RUS"]
[EventCategory "6"]
[SourceTitle "CBM 140 Extra"]
[Source "ChessBase"]
[SourceDate "2011.03.01"]
[SourceVersion "1"]
[SourceVersionDate "2011.03.01"]
[SourceQuality "1"]

1. c4 Nf6 2. Nc3 d6 3. d4 e5 4. Nf3 e4 5. Ng5 Bf5 6. Qb3 Qc8 7. h4 h6 8. Nh3 Be7 9. Nf4 c6 10. e3 0-0 11. Be2 Nbd7 12. Rg1 Nb6 13. a4 Qd7 14. a5 Nc8 15. Bd2 Rd8 16. d5 c5 17. Qd1 Bh7 18. g4 g5 19. hxg5 hxg5 20. Nh3 Ne8 21. Rh1 Bf6 22. Qb1 Qe7 23. Bd1 Bg6 24. Bc2 Ng7 25. Nxe4 Bxb2 26. Nhxg5 Bxa1 27. Qxa1 Bxe4 28. Nxe4 f6 29. Nxf6+ Kf7 30. Rh7 Qxf6 31. Bc3 1-0

[Event "Dombai"]
[Site "Dombai"]
[Date "2010.12.22"]
[Round "2"]
[White "Kornyukov, Alexey"]
[Black "Skorchenko, Dmitry"]
[Result "1/2-1/2"]
[WhiteElo "2474"]
[BlackElo "2502"]
[PlyCount "34"]
[EventDate "2010.12.21"]
[EventType "swiss"]
[EventRounds "9"]
[EventCountry "RUS"]
[EventCategory "6"]
[SourceTitle "CBM 140 Extra"]
[Source "ChessBase"]
[SourceDate "2011.03.01"]
[SourceVersion "1"]
[SourceVersionDate "2011.03.01"]
[SourceQuality "1"]

1. d4 d5 2. Nf3 Nf6 3. c4 dxc4 4. e3 Be6 5. Na3 c5 6. Bxc4 Bxc4 7. Nxc4 e6 8. dxc5 Qxd1+ 9. Kxd1 Bxc5 10. Ke2 Nc6 11. b3 b5 12. Nce5 Nxe5 13. Nxe5 Nd7 14. Nxd7 Kxd7 15. Bb2 f6 16. Rhd1+ Ke7 17. a4 a6 1/2-1/2

[Event "Doroshkevich Memorial op"]
[Site "Belorechensk"]
[Date "2009.05.25"]
[Round "3"]
[White "Gochelashvili, David"]
[Black "Skorchenko, Dmitry"]
[Result "1/2-1/2"]
[WhiteElo "2450"]
[BlackElo "2492"]
[PlyCount "68"]
[EventDate "2009.05.23"]
[EventType "swiss"]
[EventRounds "9"]
[EventCountry "RUS"]
[SourceTitle "CBM 130 Extra"]
[Source "ChessBase"]
[SourceDate "2009.07.02"]
[SourceVersion "2"]
[SourceVersionDate "2009.07.15"]
[SourceQuality "1"]

1. e4 c5 2. Nf3 Nc6 3. Bb5 e6 4. 0-0 Nge7 5. b3 a6 6. Bxc6 Nxc6 7. Bb2 d6 8. d4 cxd4 9. Nxd4 Bd7 10. f4 Be7 11. Nd2 0-0 12. N2f3 Rc8 13. Rf2 e5 14. Ne2 exf4 15. Nxf4 Bf6 16. c3 Re8 17. Nh5 Rxe4 18. Qd5 Re6 19. Nxf6+ Rxf6 20. c4 Rg6 21. Ng5 Rxg5 22. Qxf7+ Kh8 23. Raf1 h6 24. Bf6 Ne5 25. Bxd8 Nxf7 26. Be7 Ne5 27. Bxg5 hxg5 28. Rd2 Bc6 29. Rxd6 Kg8 30. Re6 Nd3 31. Rg6 Re8 32. Rxg5 Re2 33. a3 Ra2 34. h4 Re2 1/2-1/2

[Event "Doroshkevich Memorial op"]
[Site "Belorechensk"]
[Date "2009.05.23"]
[Round "1"]
[White "Karabakthsian, Ararat"]
[Black "Skorchenko, Dmitry"]
[Result "0-1"]
[WhiteElo "2039"]
[BlackElo "2492"]
[PlyCount "122"]
[EventDate "2009.05.23"]
[EventType "swiss"]
[EventRounds "9"]
[EventCountry "RUS"]
[SourceTitle "CBM 130 Extra"]
[Source "ChessBase"]
[SourceDate "2009.07.02"]
[SourceVersion "2"]
[SourceVersionDate "2009.07.15"]
[SourceQuality "1"]

1. Nf3 c5 2. g3 Nc6 3. Bg2 g6 4. 0-0 Bg7 5. c3 e5 6. e4 Nge7 7. Re1 0-0 8. d3 d5 9. h3 h6 10. Nh4 g5 11. Nf3 Be6 12. Be3 b6 13. Qc1 f5 14. exf5 Nxf5 15. g4 Nxe3 16. Qxe3 Bf7 17. Nbd2 Bg6 18. Rad1 Rf4 19. c4 d4 20. Qe2 Qf6 21. Nh2 Rf8 22. Rf1 Nd8 23. Ne4 Qe7 24. a3 Ne6 25. Qd2 h5 26. b4 R4f7 27. bxc5 bxc5 28. Rb1 Nf4 29. Rb5 hxg4 30. Nxg4 Nxg2 31. Kxg2 Bxe4+ 32. dxe4 Rf3 33. Rfb1 Rxa3 34. Rb7 Qd8 35. h4 Raf3 36. Rb8 Qd6 37. Rxf8+ Rxf8 38. Qxg5 Qc6 39. f3 Qa6 40. Rc1 Kh7 41. h5 Qa2+ 42. Kg3 Qe2 43. Qg6+ Kh8 44. Nh2 Qe3 45. Rf1 Bh6 46. Ng4 Bf4+ 47. Kh3 Qe2 48. Rf2 Qxc4 49. Nxe5 Bxe5 50. Qh6+ Kg8 51. Qg6+ Bg7 52. h6 Qf7 53. Qg4 Kh7 54. hxg7 Qxg7 55. Qxg7+ Kxg7 56. Kg4 d3 57. f4 c4 58. Kf3 c3 59. Ke3 Rd8 60. Rf1 d2 61. Rd1 c2 0-1

[Event "Armavir Kovcheg Rating"]
[Site "Armavir"]
[Date "2008.11.14"]
[Round "1"]
[White "Skorchenko, Dmitry"]
[Black "Maiorov, Oleg Ivanovich"]
[Result "1/2-1/2"]
[WhiteElo "2488"]
[BlackElo "2417"]
[PlyCount "52"]
[EventDate "2008.11.14"]
[EventType "tourn"]
[EventRounds "9"]
[EventCountry "RUS"]
[EventCategory "4"]
[SourceTitle "EXT 2022"]
[Source "ChessBase"]
[SourceDate "2021.10.06"]
[SourceVersion "1"]
[SourceVersionDate "2021.10.06"]
[SourceQuality "1"]

1. e4 e6 2. d4 d5 3. exd5 exd5 4. Nf3 Nf6 5. Bd3 Bd6 6. Qe2+ Qe7 7. Qxe7+ Kxe7 8. 0-0 Re8 9. Re1+ Kf8 10. Rxe8+ Kxe8 11. Nc3 c6 12. Bg5 Nbd7 13. Re1+ Kf8 14. Ne2 h6 15. Bf4 Bxf4 16. Nxf4 Nb6 17. Ne5 Ng4 18. Nxg4 Bxg4 19. f3 Bd7 20. Kf2 Re8 21. Rxe8+ Kxe8 22. b3 g5 23. Ne2 Nc8 24. c3 Nd6 25. g3 Bf5 26. Ke3 Ke7 1/2-1/2

[Event "RUS-ch Higher League 61st"]
[Site "Novokuznetsk"]
[Date "2008.09.13"]
[Round "10"]
[White "Skorchenko, Dmitry"]
[Black "Vorobiov, Evgeny E"]
[Result "0-1"]
[WhiteElo "2511"]
[BlackElo "2550"]
[PlyCount "106"]
[EventDate "2008.09.03"]
[EventType "swiss"]
[EventRounds "11"]
[EventCountry "RUS"]
[SourceTitle "CBM 126"]
[Source "ChessBase"]
[SourceDate "2008.10.01"]
[SourceVersion "1"]
[SourceVersionDate "2008.10.01"]
[SourceQuality "1"]

1. e4 c5 2. Nc3 e6 3. Nf3 Nc6 4. d4 cxd4 5. Nxd4 Qc7 6. Be3 a6 7. Bd3 Nf6 8. 0-0 Nxd4 9. Bxd4 Bc5 10. Be2 d6 11. Bxf6 gxf6 12. Qd2 h5 13. Kh1 h4 14. h3 Bd7 15. f4 Ke7 16. Bf3 Rad8 17. Rae1 Bc8 18. Nd1 Bd7 19. Nf2 Bb5 20. Be2 Bxf2 21. Rxf2 Qb6 22. Bf3 Bc6 23. c4 Qc5 24. Rc1 a5 25. b3 Rhg8 26. Qb2 Rg3 27. Qe2 Rdg8 28. Re1 f5 29. exf5 Bxf3 30. Rxf3 Rxg2 31. Qxg2 Rxg2 32. Kxg2 Qxf5 33. Re2 b5 34. cxb5 Qxb5 35. Rc2 Kf6 36. a3 Kf5 37. Rb2 d5 38. b4 axb4 39. axb4 f6 40. Kf2 d4 41. Kg2 Ke4 42. Rf1 d3 43. Re1+ Kxf4 44. Rf2+ Kg5 45. Kh2 Qb8+ 46. Kh1 Qb7+ 47. Kh2 Qc7+ 48. Kg1 Qb6 49. Kg2 f5 50. Rf3 Qxb4 51. Rxe6 d2 52. Rd3 Qb2 53. Kf3 d1Q+ 0-1

[Event "RUS-ch Higher League 61st"]
[Site "Novokuznetsk"]
[Date "2008.09.12"]
[Round "9"]
[White "Ovetchkin, Roman"]
[Black "Skorchenko, Dmitry"]
[Result "0-1"]
[WhiteElo "2558"]
[BlackElo "2511"]
[PlyCount "51"]
[EventDate "2008.09.03"]
[EventType "swiss"]
[EventRounds "11"]
[EventCountry "RUS"]
[SourceTitle "CBM 126"]
[Source "ChessBase"]
[SourceDate "2008.10.01"]
[SourceVersion "1"]
[SourceVersionDate "2008.10.01"]
[SourceQuality "1"]

1. d4 d5 2. c4 c6 3. Nf3 Nf6 4. Qb3 dxc4 5. Qxc4 Bf5 6. g3 e6 7. Bg2 Nbd7 8. 0-0 Be7 9. Nc3 0-0 10. Qb3 Qb6 11. Qxb6 axb6 12. Nh4 Bc2 13. Bd2 h6 14. Rac1 Bh7 15. Rfe1 b5 16. a3 Nb6 17. e4 Nc4 18. Rc2 b4 19. axb4 Bxb4 20. Bc1 b5 21. Rce2 Ra1 22. f4 Rd8 23. e5 Nd5 24. Bd2 Rda8 25. Bxd5 cxd5 26. f5 0-1

[Event "Doroshkevich Memorial op"]
[Site "Maikop"]
[Date "2008.06.01"]
[Round "9"]
[White "Skorchenko, Dmitry"]
[Black "Dashko, Andrey"]
[Result "1-0"]
[WhiteElo "2502"]
[BlackElo "2357"]
[PlyCount "101"]
[EventDate "2008.05.24"]
[EventType "swiss"]
[EventRounds "9"]
[EventCountry "RUS"]
[SourceTitle "CBM 124 Extra"]
[Source "ChessBase"]
[SourceDate "2008.07.03"]
[SourceVersion "1"]
[SourceVersionDate "2008.07.03"]
[SourceQuality "1"]

1. e4 c5 2. Nf3 g6 3. d4 cxd4 4. Nxd4 Bg7 5. Nc3 Nc6 6. Be3 Nf6 7. Bc4 0-0 8. Bb3 Na5 9. e5 Ne8 10. Bxf7+ Kxf7 11. Ne6 dxe6 12. Qxd8 Nc6 13. Qd2 Bxe5 14. 0-0-0 Nf6 15. f3 Bd7 16. Bf4 Bd4 17. Rhe1 Rfc8 18. Ne4 e5 19. Be3 Bf5 20. Bxd4 Nxd4 21. c3 Rc6 22. Kb1 Ne6 23. g4 Nxe4 24. fxe4 Bxg4 25. Rf1+ Kg7 26. Rde1 Nf4 27. Rxf4 exf4 28. Qxf4 Be6 29. h4 Rc5 30. Rg1 Rf8 31. Qe3 b6 32. b3 Rfc8 33. Kb2 h6 34. c4 Rd8 35. Rg2 Rh5 36. Qg3 Bf7 37. Qc7 Rd6 38. Qxe7 Re6 39. Qxa7 Rxe4 40. Rf2 Rf5 41. Rxf5 gxf5 42. Qxb6 f4 43. Qf2 Kf6 44. a4 Bh5 45. Qc5 Bg4 46. Qf8+ Kg6 47. a5 f3 48. a6 f2 49. a7 Bf5 50. h5+ Kg5 51. Qd8+ 1-0

[Event "Doroshkevich Memorial op"]
[Site "Maikop"]
[Date "2008.05.29"]
[Round "6"]
[White "Lastin, Alexander"]
[Black "Skorchenko, Dmitry"]
[Result "1-0"]
[WhiteElo "2622"]
[BlackElo "2502"]
[PlyCount "89"]
[EventDate "2008.05.24"]
[EventType "swiss"]
[EventRounds "9"]
[EventCountry "RUS"]
[SourceTitle "CBM 124 Extra"]
[Source "ChessBase"]
[SourceDate "2008.07.03"]
[SourceVersion "1"]
[SourceVersionDate "2008.07.03"]
[SourceQuality "1"]

1. d4 d5 2. c4 c6 3. Nf3 Nf6 4. Nc3 dxc4 5. a4 Bf5 6. Ne5 Nbd7 7. Nxc4 Nb6 8. Ne5 a5 9. f3 Nfd7 10. Nxd7 Nxd7 11. e4 Bg6 12. f4 e6 13. Bc4 Nf6 14. Qd3 Bb4 15. f5 exf5 16. exf5 Qe7+ 17. Kf1 Bh5 18. h3 0-0-0 19. g4 Nxg4 20. hxg4 Bxg4 21. Bf4 Qf6 22. Be5 Qg5 23. Qg3 Qxf5+ 24. Kg2 Qc2+ 25. Kg1 h5 26. Rh2 Qg6 27. Rf1 f5 28. Ne2 h4 29. Nf4 hxg3 30. Rxh8 Rxh8 31. Nxg6 Rh2 32. Bxg3 Rxb2 33. Be6+ Kd8 34. Bxf5 Bxf5 35. Rxf5 Rd2 36. Rf7 Bc3 37. Rxb7 Bxd4+ 38. Kf1 Ra2 39. Ne7 c5 40. Nd5 c4 41. Bh4+ Ke8 42. Nc7+ Kd7 43. Nb5+ Kc6 44. Rc7+ Kb6 45. Rxc4 1-0

[Event "Doroshkevich Memorial op"]
[Site "Maikop"]
[Date "2008.05.25"]
[Round "2"]
[White "Vastrukhin, Oleg"]
[Black "Skorchenko, Dmitry"]
[Result "1/2-1/2"]
[WhiteElo "2294"]
[BlackElo "2502"]
[PlyCount "31"]
[EventDate "2008.05.24"]
[EventType "swiss"]
[EventRounds "9"]
[EventCountry "RUS"]
[SourceTitle "CBM 124 Extra"]
[Source "ChessBase"]
[SourceDate "2008.07.03"]
[SourceVersion "1"]
[SourceVersionDate "2008.07.03"]
[SourceQuality "1"]

1. d4 d5 2. Nf3 Nf6 3. g3 c6 4. Bg2 Bf5 5. 0-0 e6 6. b3 Nbd7 7. Bb2 Bd6 8. c4 0-0 9. Nc3 h6 10. Rc1 Qe7 11. Nd2 Rad8 12. e3 a6 13. f4 Ba3 14. Bxa3 Qxa3 15. Nf3 Ne4 16. Qe2 1/2-1/2

[Event "Doroshkevich Memorial op"]
[Site "Maikop"]
[Date "2008.05.24"]
[Round "1"]
[White "Skorchenko, Dmitry"]
[Black "Artamonov, Alexander"]
[Result "1-0"]
[WhiteElo "2502"]
[BlackElo "2065"]
[PlyCount "47"]
[EventDate "2008.05.24"]
[EventType "swiss"]
[EventRounds "9"]
[EventCountry "RUS"]
[SourceTitle "CBM 124 Extra"]
[Source "ChessBase"]
[SourceDate "2008.07.03"]
[SourceVersion "1"]
[SourceVersionDate "2008.07.03"]
[SourceQuality "1"]

1. e4 c5 2. Nf3 Nc6 3. Nc3 g6 4. d4 cxd4 5. Nxd4 Bg7 6. Be3 Nf6 7. Bc4 0-0 8. Bb3 b6 9. f3 Bb7 10. Qd2 Rc8 11. 0-0-0 Qc7 12. g4 Rfd8 13. Qf2 Na5 14. Kb1 Qb8 15. h4 Nxb3 16. Nxb3 e6 17. h5 d5 18. hxg6 fxg6 19. Qh4 Rf8 20. Bh6 Qc7 21. Nd4 Rce8 22. Ndb5 Qe7 23. e5 Nd7 24. Bg5 1-0